00754nam a22002417a 4500003000900000005001700009007000300026008003700029020001500066040003000081082002700111100004000138245010000178260000600278264003900284300002800323336002700351337003500378338003000413490002500443650002300468650002100491DO-SdBPM20250710140210.0ta161214b 1992 sp| |||| 00| 0 spa d a847969310X aDO-SdBPMbspacBPMSUerda 4a862.3 bV422p 19922221 aVega, Lope de,d1562-1635 eautor. 10aPeribáñez y el comendador de Ocaña /cLope de Vega ; editor Germán Sánchez Ruipérez c. aAltamira, España :bAnaya,c1992 a94 páginas :c19 cm. atextobtxt2rdacontent asin mediación bn2rdamedia  avolumen bnc2rdacarrier 0 aBiblioteca de el sol 7aTeatro español.  7aDrama español